Quality and communication for the organic market (Registro nro. 3246)
[ vista simple ]
| 000 -CABECERA | |
|---|---|
| Campo de control | 00897nam a2200289 a 4500 |
| 005 - FECHA Y HORA DE LA ULTIMA TRANSACCION | |
| Campo de control | 20200521144254.0 |
| 008 - ELEMENTOS DE LONGITUD FIJA—INFORMACION GENERAL | |
| Campo de control | 140310b2000 xxu||||| |||| 00| 0 eng d |
| 040 ## - FUENTE DE CATALOGACIÓN | |
| Agencia catalogadora original | CO-BoIAVH |
| Agencia transcriptora | CO-BoIAVH |
| 041 ## - IDIOMA | |
| Código de idioma para texto/pista de sonido o título separado | Inglés |
| 044 ## - PAÍS DE PUBLICACIÓN | |
| País de publicación | Estados Unidos |
| 082 ## - NUMERO DE CLASIFICACION DECIMAL DEWEY | |
| Número de clasificación | 630 |
| 090 ## - CLASIFICACIÓN LOCAL | |
| Colección | LB |
| Consecutivo | 03007 |
| 100 ## - ASIENTO PRINCIPAL--NOMBRE PERSONAL | |
| Nombre personal | Lockeretz, Willie |
| 111 ## - ASIENTO PRINCIPAL--NOMBRE DE REUNION | |
| Nombre de reunión o de jurisdicción como elemento de entrada | INFOAM Organic Trade Conference |
| Lugar de la reunión | Florencia - Italia |
| Fecha de la reunión | octubre 20-23, 1999 |
| Número de la parte/sección/reunión | 6 |
| 245 ## - MENCION DE TITULO | |
| Título | Quality and communication for the organic market |
| 260 ## - PUBLICACION, DISTRIBUCION, ETC. (PIE DE IMPRENTA) | |
| Lugar de publicación, distribución, etc. | Werbedruck |
| Nombre del editor, distribuidor, etc. | IFOAM |
| Fecha de publicación, distribución, etc. | 2000 |
| 300 ## - DESCRIPCION FISICA | |
| Extensión | 265 p. |
| 650 ## - ASIENTO SECUNDARIO DE MATERIA - TERMINO TEMATICO | |
| Término temático o nombre geográfico como elemento de entrada | Productos orgánicos |
| 650 ## - ASIENTO SECUNDARIO DE MATERIA - TERMINO TEMATICO | |
| Término temático o nombre geográfico como elemento de entrada | Mercados orgánicos |
| 650 ## - ASIENTO SECUNDARIO DE MATERIA - TERMINO TEMATICO | |
| Término temático o nombre geográfico como elemento de entrada | Comercio internacional |
| 650 ## - ASIENTO SECUNDARIO DE MATERIA - TERMINO TEMATICO | |
| Término temático o nombre geográfico como elemento de entrada | Agricultura orgánica |
| 650 ## - ASIENTO SECUNDARIO DE MATERIA - TERMINO TEMATICO | |
| Término temático o nombre geográfico como elemento de entrada | Certificación ambiental |
| 650 ## - ASIENTO SECUNDARIO DE MATERIA - TERMINO TEMATICO | |
| Término temático o nombre geográfico como elemento de entrada | Mercados verdes |
| 650 ## - ASIENTO SECUNDARIO DE MATERIA - TERMINO TEMATICO | |
| Término temático o nombre geográfico como elemento de entrada | Productos verdes |
| 700 ## - ASIENTO SECUNDARIO - NOMBRE PERSONAL | |
| Nombre personal | Geier, Bernward |
| 942 ## - ELEMENTOS ADICIONALES (KOHA) | |
| Tipo de ítem | Libro |
| Sistema de clasificación | Local |
| Withdrawn status | Lost status | Sistema de Clasificación | Damaged status | No para préstamo | Colección | Ubicación Permanente | Ubicación actual | Fecha de adquisición | Fuente de Valor | Total Checkouts | Número topográfico | Inventario / Código de Barras | Date last seen | Ejemplar | Price effective from | Tipo de material |
|---|---|---|---|---|---|---|---|---|---|---|---|---|---|---|---|---|
| Local | General | Villa de Leyva | Villa de Leyva | 14/04/2003 | Biocomercio | LB-03007 | 005241 | 04/12/2012 | Ej. 1 | 04/12/2012 | Libro |